No more games : (Record no. 20415)

MARC details
000 -LEADER
fixed length control field 00465nam a22001697a 4500
003 - CONTROL NUMBER IDENTIFIER
control field OSt
005 - DATE AND TIME OF LATEST TRANSACTION
control field 20231124123426.0
008 - FIXED-LENGTH DATA ELEMENTS--GENERAL INFORMATION
fixed length control field 231124b |||||||| |||| 00| 0 eng d
020 ## - INTERNATIONAL STANDARD BOOK NUMBER
International Standard Book Number 1786651548
040 ## - CATALOGING SOURCE
Transcribing agency KABU
050 ## - LIBRARY OF CONGRESS CALL NUMBER
Classification number BF637
Item number .C45M54 2022
100 ## - MAIN ENTRY--PERSONAL NAME
Personal name Mihalec, Gabor
245 ## - TITLE STATEMENT
Title No more games :
Remainder of title how to build a faithful and satisfying relationship/
Statement of responsibility, etc. Gabor Mihalec
260 ## - PUBLICATION, DISTRIBUTION, ETC. (IMPRINT)
Place of publication, distribution, etc. Hungary
Name of publisher, distributor, etc. Stanborough press
Date of publication, distribution, etc. 2022
300 ## - PHYSICAL DESCRIPTION
Extent 231p.
942 ## - ADDED ENTRY ELEMENTS (KOHA)
Source of classification or shelving scheme Library of Congress Classification
Koha item type General Collection
Holdings
Withdrawn status Lost status Source of classification or shelving scheme Not for loan Home library Current library Date acquired Cost, normal purchase price Total Checkouts Full call number Barcode Date last seen Price effective from Koha item type
    Library of Congress Classification   Kabarak, Main Campus Kabarak, Main Campus 24/11/2023 5000.00   BF637 .C45M54 2022 c.1 34285 02/08/2024 24/11/2023 General Collection
Designed with assistance from East African Informatics Ltd